Teoría de la democracia. Los problemas clásicos
Gorde:
| Egile nagusia: | |
|---|---|
| Formatua: | Texto |
| Argitaratua: |
Madrid:
Alianza
|
| Etiketak: |
Etiketa erantsi
Etiketarik gabe, Izan zaitez lehena erregistro honi etiketa jartzen!
|
MARC
| LEADER | 00000 a a2200000 04500 | ||
|---|---|---|---|
| 001 | 23131 | ||
| 003 | |||
| 040 | |||
| 020 | |a 84-206-2567-1 | ||
| 090 | |a 159700 | ||
| 100 | |a Sartori, Giovanni | ||
| 245 | |a Teoría de la democracia. Los problemas clásicos | ||
| 260 | |a Madrid: |b Alianza | ||
| 300 | |a 623 p.; vol. 2 | ||
| 999 | |c 5156 |d 5156 | ||



